000 00509nam a2200181Ia 4500
008 240925s9999 xx 000 0 und d
020 _a471599972
082 _a510 MIZ
100 _aMizrahi, Abe; Sullivan, Michael
245 0 _aMathematics for Business Life Science & Social Sciences
250 _a5th
260 _aNew York:
_bJohn Wiley & Sons
_c,1993.
300 _a554p.
_bNA
_fOriginal
500 _aIncludes Index
600 _aHumanities & Natural Science
650 _aMathematics
942 _cBK
999 _c2955
_d2955